000 00337nam a22001457a 4500
008 221118b ||||| |||| 00| 0 eng d
020 _a0253212073
041 _aeng
080 _a159.9
082 _a159.9COH
100 _a25
101 _aPSI
245 _aCASEBOOK ON THE TERMINATION OF LIFE-SUSTAINING
_cCOHEN C
942 _2udc
_cBK
999 _c58951
_d58951